Top 10 Best Selling Books Of All Time - Statistics

General Stats
  • This quiz has been taken 70 times
  • The average score is 3 of 10
Answer Stats
Copies Sold Answer % Correct
5-7 billion The Bible
97%
800m The Qur’an
77%
150m The Lord of the Rings
37%
100m The Hobbit
25%
200m A Tale of Two Cities
15%
500m Don Quixote
12%
900m-1.1 billion Quotations from Chairman Mao Tse-Tung
11%
140-200 million The Little Prince
9%
100m Dream of the Red Chamber
3%
100m And Then There Were None
0%
No matching quizzes found
Score Distribution
Percent of People with Each Score
Percentile by Number Answered
Your Score History
You have not taken this quiz